=LDR 00000nam 2200000 4500 =001 INLIS000000000048727 =005 20170104111553.0 =006 =007 =008 =020 ##$$a 978-602-1186-54-1 =035 ##$$0010-011700000000008 =040 ##$$a NBPDMAT =082 ##$$a 372. 210 71 =090 ##$$a 372. 210 71 $b San k =100 ##$$a Sandra H . Petersen =245 ##$$a Kurikulum pendidikan anak usia dini berbasis pendekatan antarpersonal : (A . Relationship-Based Approaach) / Sandra A .Petersen & Donna S . Wittmer ; Penerjemah, Arif Rakhman =260 ##$$a Yogyakarta : $b Prenada Media, $c 2015 =300 ##$$a xx1v, 353 hlm: : $b ilus. ; $c 23 cm =500 ##$$a bibiografi : hml . 343-349 =500 ##$$a Indeks : hlm . 351- =650 ##$$a Pendidikan - Kurikulum =700 ##$$a Donna S . Wittmer =700 ##$$a Arif Rakhman